000 01193nam a22003737a 4500
003 CHAP
005 20220329133248.0
008 971013s1983 r 00010 d
010 _a4067
011 _a5039
035 _a4245
040 _cCHAP
082 _a664.8
_bR67
100 0 0 _aRoberts, T. A.
_997941
245 _aFood microbiology
_b: advances and prospects
260 _aLondon :
_bAcademic Press,
_c1983
300 _a394 p.
_b: ilus
490 _aSymposium Series
_v; 11
500 _aD52-147
590 _aBATCH-UPD
_b10
_c20130110
_lUCH01
_h0142
590 _aBATCH-UPD
_b10
_c20130110
_lUCH01
_h1148
590 _aBATCH-UPD
_b10
_c20130410
_lUCH01
_h0733
590 _aBATCH-UPD
_b10
_c20130914
_lUCH01
_h0117
590 _aCONVERSION
_b10
_c20130109
_lUCH01
_h1303
650 1 4 _aAlimentos
_xBacteriología.
_94171
650 1 4 _aAlimentos
_xIndustria.
_94227
650 1 4 _aAlimentos
_xNormas de calidad.
_94256
650 1 4 _aAlimentos
_xToxicología.
_94296
700 0 _aSkinner, Frederic Arthur.
_9106826
830 0 _aSymposium Series
_v; 11
_9111139
901 _aBK
942 _cLIBRO
949 _a664.8 R67
_bBC
_cLIBRO
_d33724000100590
_eLIBRO
_gI.156394
_h79265
_i4245
_si
_t351.79
999 _c4067
_d4067